Spell the Marvel Character #168 - Statistics

General Stats
  • This quiz has been taken 15 times
  • The average score is 10 of 14
Answer Stats
Picture Answer % Correct
Emma Frost
100%
Ironheart
92%
Rocket Raccoon
92%
Old Man Logan
85%
Omega
85%
Rogue
85%
Ulysses Bloodstone
85%
Darkhawk
77%
Old Lace
77%
Zabu
62%
Gorgon
54%
Yo-Yo Rodriguez
54%
Yukon Jack
54%
Yang Yi
31%
No matching quizzes found
Score Distribution
Percent of People with Each Score
Percentile by Number Answered
Your Score History
You have not taken this quiz